| 000 | 00997nas a2200349 4500 | ||
|---|---|---|---|
| 001 | BR2013000867 | ||
| 003 | BR-BrBNA | ||
| 005 | 20231205121910.0 | ||
| 007 | ta | ||
| 008 | 230509b bl.|||p| |||| 00| 00por d | ||
| 040 |
_aBR-BrBNA _bpor _cBiblioteca Nacional de Agricultura |
||
| 041 | _a(Pt) | ||
| 072 | _aL73 | ||
| 100 | 1 | _aVeiga, C.C.P. da | |
| 100 | 1 | _aSerra, C.M. | |
| 100 | 1 | _aRodrigues, P.H.S. | |
| 100 | 1 | _aBomfim, P.C. | |
| 100 | 1 | _aOliveira, P.C. de | |
| 100 | 1 | _aSouza, B.G. de | |
| 100 | 1 | _aFerreira, A.M.R. | |
| 245 | 1 | _aCistite e prostatite enfisematosas em cães - relto de caso | |
| 650 | _aCÃO | ||
| 650 | _aAPARELHO URINÁRIO | ||
| 650 | _aBACTÉRIA | ||
| 650 | _aDIABETE | ||
| 650 | _aCISTITE | ||
| 650 | _aULTRA-SOM | ||
| 650 | _aDIAGNÓSTICO | ||
| 773 | 0 |
_tRevista Brasileira de Medicina Veterinária (Brazil) _xISSN 0100-2430 _g(Apr-Jun 2012), v. 34(2) p. 91-95 _wBR2013000867 |
|
| 909 |
_a202311 _bLúcia _c55 _dLúcia Elande |
||
| 942 |
_2AGRIS _n0 _cANA |
||
| 999 |
_c225824 _d225824 |
||